00503nam a22001697a 4500003000900000008004100009040007100050082001800121100002200139245003600161260003800197300002500235505002600260650001400286650001700300650001600317AR-CdUCM190314b ||||| |||| 00| 0 spa d aMUNICIPALIDAD PROVINCIAL DEL CUSCOcBIBLIOTECA MUNICIPAL DEL CUSCO a869.56 /bU54 aUrdanivia, Lizeth aLa palabra, esa astuta ramera / aPerú :bLluvia editores,c1990. a57 páginas c20 cm aContenido : Poesía  aPoesía  aPoeta mujer  aLiteratura